Centenárium
Elmentve itt :
| Dokumentumtípus: | Cikk |
|---|---|
| Megjelent: |
1985-09-26
|
| Sorozat: | Délmagyarország
75 No. 226 |
| Kulcsszavak: | Kőrösy József Közgazdasági és Külkereskedelmi Szakközépiskola Gépíró és Gyorsíró Szakiskola |
| Online Access: | http://dmarchiv.bibl.u-szeged.hu/117310 |
| LEADER | 00475nab a2200145 i 4500 | ||
|---|---|---|---|
| 001 | delm117310 | ||
| 005 | 20190906140317.0 | ||
| 008 | 190906s1985 hu o 0|| hun d | ||
| 040 | |a SZTE Délmagyarország Archívum |b hun | ||
| 041 | |a hun | ||
| 245 | 0 | 0 | |a Centenárium |h [elektronikus dokumentum] |
| 260 | |c 1985-09-26 | ||
| 300 | |a 5 | ||
| 490 | 0 | |a Délmagyarország |v 75 No. 226 | |
| 695 | |a Kőrösy József Közgazdasági és Külkereskedelmi Szakközépiskola Gépíró és Gyorsíró Szakiskola | ||